| 000 | 01252nam a2200349 i 4500 | ||
|---|---|---|---|
| 001 | 10717 | ||
| 003 | KOSZ 005 | ||
| 005 | 20200817125132.0 | ||
| 008 | 081013s1958 pl a |000 0 pol | ||
| 015 | _aPB 1958/6582 | ||
| 035 | _a(OCoLC)836149738 | ||
| 040 |
_aWA N _cWA N _dKOSZ 005/HR |
||
| 041 | 1 |
_apol _hrus |
|
| 046 | _k1958 | ||
| 080 | _a531/533 | ||
| 100 | 1 |
_aLandau, Lew _d(1908-1968) _eAutor |
|
| 245 | 1 | 0 |
_aFizyka teoretyczna : _bmechanika ośrodków ciągłych / _cL. Landau i E. Lifszic ; [tł. Roman Żelazny]. |
| 246 | 1 |
_iTyt. oryg.: _aTeoretičeskaâ fizika : Mechanika splošnyh sred. |
|
| 260 |
_aWarszawa : _bPaństwowe Wydawnictwo Naukowe, _c1958. |
||
| 300 |
_a817, [3] s. : _bil., err. ; _c24 cm. |
||
| 380 | _aKsiążki. | ||
| 388 | _a1901-2000 | ||
| 658 | _aFizyka i astronomia | ||
| 650 | 4 | _aHydrodynamika | |
| 650 | 4 | _aSprężystość | |
| 650 | 4 | _aOśrodki ciągłe | |
| 700 | 1 |
_aLifszyc, Jewgienij _d(1915-1985) _eAutor |
|
| 710 | 2 | _aPaństwowe Wydawnictwo Naukowe | |
| 700 | 1 |
_aŻelazny, Roman Stanisław _d(1926- ) _eTłumaczenie |
|
| 856 |
_uhttp://koha.tu.koszalin.pl/cgi-bin/koha/opac-detail.pl?biblionumber=10717 _yKatalog online BVPK |
||
| 942 |
_2UKD _cKS |
||
| 999 |
_c10717 _d10717 |
||